| 000 | 00436ntm a22001817a 4500 | ||
|---|---|---|---|
| 005 | 20230331155730.0 | ||
| 008 | 170530b2006 xxu||||| |||| 00| 0 spa d | ||
| 041 | _aESP | ||
| 082 | _aR 413.1 G748g | ||
| 245 | _aGran diccionario de sinónimos y antónimos | ||
| 260 | _aEspaña | ||
| 260 | _bTime | ||
| 260 | _c2006 | ||
| 650 |
_aDICCIONARIO _973807 |
||
| 650 |
_aSINÓNIMOS _973808 |
||
| 650 |
_aANTÓNIMOS _973809 |
||
| 942 | _cREF | ||
| 999 |
_c12080 _d12080 |
||